00629nam a2200193Ia 4500003000900000008004100009040001600050080001500066100003300081245008600114260003400200300001000234650004100244650001500285650002200300942000700322999001500329952009100344IN-BaIIA211028s9999 xx 000 0 eng d cIIA Library a523.43bDE aDe Vaucouleurs, Gerard91262 0aPhysics of the planet marsban introduction to aerophysicscGerard De Vaucouleurs aLondonbFaber and Faberc1954 a365p. aAstronomy and astrophysics thesaurus aMars91378 aPlanet Mars91263 cBK c1428d1428 00104070aBANbBANcGENd0000-00-00l0o523.43/ DEp1508r2021-11-05w0000-00-00yBK